000 00673nam a22002297a 4500
005 20241028102223.0
008 241028b |||||||| |||| 00| 0 eng d
020 _a0471485683
_cRs.6040.76
040 _aLoreto College
041 _aEnglish
082 _a152.4
_bSTR
100 _aStrongman,K.T.
245 _aThe psychology of emotion
_bFrom everyday life to theory
_cK.T.Strongman
250 _a5th ed
260 _aWest Sussex
_bJohn Wiley & Sons
_c2002
300 _ax,329p
_b22cm
504 _aIncludes bibliographical references and index
650 _aPsychology-Emotions and feelings
650 _aEmotions
850 _aLCLIB
_bPsychology PG
942 _cBK
999 _c43873
_d94352